| 000 | 00654cam a2200193 a 4500 | ||
|---|---|---|---|
| 001 | 000010016 | ||
| 005 | 20200929161813.0 | ||
| 008 | 800319s1979 pr 000 p spa d | ||
| 020 | _a844992815X | ||
| 040 |
_aDO-SdBNP _bspa _cBNPHU |
||
| 082 |
_aPR861.44 _bM433c |
||
| 100 | 1 |
_aMatos Paoli, Francisco. _d1915-2000 _99173 |
|
| 245 | 1 | 3 |
_aLa caída del clavel / _cFrancisco Matos Paoli. |
| 260 |
_aSan Juan, Puerto Rico : _bEdiciones Juan Ponce de León. |
||
| 300 |
_a148 ; _c22 cm. |
||
| 590 | _aPerteneció a la biblioteca personal de Juan Isidro Jimenes Grullón | ||
| 650 | 4 |
_aPoesía puertorriqueña _91015 |
|
| 650 | 4 |
_aLiteratura puertorriqueña _9250 |
|
| 999 |
_c9775 _d9775 |
||